Misión integral : Testimonio y acción / Visión Mundial International (Registro nro. 42376)
[ vista simple ]
| 000 -LÍDER | |
|---|---|
| Campo fijo de descripción fija | 005700000a22001330004500 |
| 001 - NÚMERO DE CONTROL | |
| Campo de control | 13397 |
| 041 0# - CÓDIGO DE IDIOMA | |
| Código de idioma para texto/pista de sonido o título separado | |
| 082 04 - NÚMERO DE CLASIFICACIÓN DECIMAL DEWEY | |
| Número de clasificación | AV 0030 |
| 245 10 - TÍTULO | |
| Título del Material | Misión integral : Testimonio y acción / Visión Mundial International |
| 300 ## - DESCRIPCIÓN FÍSICA | |
| Extensión | 12 Pag |
| 500 ## - NOTA GENERAL | |
| Nota General | Folleto |
| 505 00 - NOTA DE CONTENIDO | |
| Nota de contenido con formato preestablecido | - Pobreza y medio ambiente / Luis Diego Solórzano - El cristiano y la ecología / Darci Dusilek - Infancia y medio ambiente / UNICEF, PNUMA, 1990 - Coray lucha por recuperar su medio ambiente / Paulino A. Gálvez - Las organizaciones locales y el desarrollo sostenible / Key Payton |
| 942 ## - TIPO DE MATERIAL (KOHA) | |
| Tipo de Item KOHA | Libros General |
| Estado de Material | Estado de Perdido | Estado de Dañado | No para Préstamo | Colección | Tomo | Biblioteca de Origen | Biblioteca Permanente | Fecha de Adquisición | Total de Préstamos | Signatura Topográfica | Código de Barras | Última vez visto | Ejemplar/Existencia | Fecha de Remplazo | Tipo de Material |
|---|---|---|---|---|---|---|---|---|---|---|---|---|---|---|---|
| Colección Folletos | Biblioteca FUSBC | Biblioteca FUSBC | 30/11/2005 | AV 0030 | 23189 | 12/12/2019 | 1 | 26/01/2016 | Documentos Archivo Vertical |
